[Event "POL-chT U20 2nd League"]
[Site "Sypniewo"]
[Date "2025.06.25"]
[Round "8.112"]
[White "Gancarz, Michal"]
[Black "Sarbiewski, Szymon"]
[Result "1/2-1/2"]
[WhiteElo "1570"]
[BlackElo "1496"]
[PlyCount "96"]
[EventDate "2025.06.18"]
[EventType "team-swiss"]
[EventRounds "9"]
[EventCountry "POL"]
[SourceTitle "CB27_2025"]
[SourceDate "2025.07.02"]
[SourceVersion "1"]
[SourceVersionDate "2025.07.02"]
[SourceQuality "1"]
[WhiteTeam "Gubina CC"]
[BlackTeam "Uzdowo"]
[WhiteTeamCountry "POL"]
[BlackTeamCountry "POL"]

1. e4 c5 2. Nf3 Nc6 3. d4 cxd4 4. Nxd4 Nf6 5. Nc3 e5 6. Ndb5 d6 7. Bg5 a6 8. Na3 b5 9. Nd5 Be7 10. Bxf6 Bxf6 11. c3 Bg5 12. Be2 Ne7 13. Ne3 0-0 14. 0-0 Bb7 15. Nd5 Nxd5 16. exd5 f5 17. Nc2 f4 18. a4 bxa4 19. Rxa4 a5 20. Bd3 Ba6 21. Bxa6 Rxa6 22. Nb4 Ra8 23. Nc6 Qf6 24. Rxa5 Rxa5 25. Nxa5 f3 26. Qxf3 Qd8 27. Nc6 Rxf3 28. Nxd8 Rd3 29. Ne6 Bf6 30. Nc7 Bd8 31. Ne6 Bb6 32. c4 Rd2 33. b4 Rc2 34. c5 dxc5 35. bxc5 Bxc5 36. Nxc5 Rxc5 37. Rd1 Kf7 38. d6 Rc8 39. f3 Rd8 40. Kf2 Ke6 41. Ke3 Rxd6 42. Rxd6+ Kxd6 43. Ke4 Ke6 44. h4 h5 45. f4 exf4 46. Kxf4 Kf6 47. g3 g6 48. g4 hxg4 1/2-1/2